000 00868cam a2200169 4500
001 WS106794
008 000000n 000 0 eng u
035 _a(Sirsi) u106794
245 _aEconomist
520 _aOnline version of the magazine which describes itself as 'the international weekly journal of news, ideas, opinions and analysis. The free service gives access to the main stories each week and a summary of business and political news. Also a searchable version of the classified ads and a bookshop catalogue. A subscription service gives access to an archive of articles back to 1995.
650 _aECONOMICS
650 _aManagement consultancy
_96255
650 _aJOURNALS
690 _aMANAGEMENT-BUSINESS MANAGEMENT-FINANCIAL MANAGEMENT
856 4 0 _uhttps://www.economist.com
_zView the website free of charge at www.economist.com...
942 _n0
999 _c119526
_d119526